000 00510nam a2200181Ia 4500
999 _c29481
_d29481
003 OSt
005 20260305115424.0
008 190216s9999||||xx |||||||||||||| ||und||
020 _a8126406062
040 _coclc
082 _a894.81
_bSDAS/M
100 _aDas, Kamala
_95366
245 0 _aMadhavikkuttiyute Kathakal Sampoornam /
_cKamala Das
260 _bDc Books,
_aKottayam:
_c2008.
300 _a978p
650 _aKathakal
942 _cBK
_2ddc
_h894.81
_iSDAS/M
_k894.81
_mSDAS/M